| 000 | 00614nam a22001937a 4500 | ||
|---|---|---|---|
| 005 | 20251108170931.0 | ||
| 008 | 250721s1996 xx 000 0 ara d | ||
| 082 | 1 | 4 | _aط/599.6/غني |
| 100 | 1 | _aغنيم، كارم | |
| 245 | 1 | 0 | _aالأفيال بين الحقيقة و الخيال / |
| 264 | 1 |
_aالقاهره : _bدار الفكر العربي، _c1996. |
|
| 300 | _a26ص. | ||
| 490 | 0 | _aسلسلة كتب التمساح للفتيان ؛8 | |
| 650 | 1 | 7 | _aالأفيال |
| 650 | 1 | 7 | _aحيوانات العمل |
| 653 | _aناشئون صغار (10-14) سنة | ||
| 942 |
_2ddc _cBK |
||
| 999 |
_c52482 _d52482 |
||